[Event "XXXVII Olimpiadi femminile"]
[Site "Torino ITA"]
[Date "2006.05.22"]
[Round "2.1"]
[White "Cedikova, Katerina"]
[Black "Hernandez Guerrero, Yadira"]
[Result "0-1"]
[WhiteElo "2232"]
[BlackElo "2225"]
[Annotator "CZE-MEX"]
[PlyCount "80"]
[EventDate "2006.05.21"]

1. d4 Nf6 2. c4 c5 3. d5 e6 4. Nc3 exd5 5. cxd5 d6 6. Nf3 g6 7. Nd2 Bg7 8. e4
O-O 9. Be2 Re8 10. O-O Na6 11. f3 Nc7 12. a4 Nd7 13. Nc4 Ne5 14. Na3 f5 15. f4
Nf7 16. exf5 gxf5 17. Bd2 Bd7 18. Rf3 Kh8 19. Qc2 Nh6 20. Rh3 Qf6 21. Bf3 Na6
22. Rf1 Nb4 23. Qd1 Ng4 24. Bxg4 fxg4 25. Rh5 Re7 26. Kh1 Bf5 27. Nab5 Bd3 28.
Rg1 a6 29. Na3 Bg6 30. Rg5 Nd3 31. Rf1 h6 32. Rxg6 Qxg6 33. f5 Qf6 34. Qxg4
Rae8 35. Nc2 b5 36. axb5 axb5 37. Nxb5 Qxb2 38. f6 Nf2+ 39. Kg1 Nxg4 40. fxg7+
Kg8 0-1

[Event "XXXVII Olimpiadi femminile"]
[Site "Torino ITA"]
[Date "2006.05.22"]
[Round "2.2"]
[White "Guerrero Rodriguez, Alejandra"]
[Black "Sikorova, Olga"]
[Result "1/2-1/2"]
[WhiteElo "2157"]
[BlackElo "2276"]
[Annotator "CZE-MEX"]
[PlyCount "126"]
[EventDate "2006.05.21"]

1. e4 d5 2. exd5 Nf6 3. d4 Nxd5 4. c4 Nb6 5. Nf3 Bg4 6. c5 N6d7 7. Qb3 Bxf3 8.
Qxf3 Nc6 9. Bc4 e6 10. Be3 Qf6 11. Qxf6 Nxf6 12. Nc3 O-O-O 13. O-O-O Nb4 14.
Bg5 Be7 15. Rhe1 h6 16. Bf4 Nbd5 17. Be5 Rhg8 18. h3 h5 19. Nb5 a6 20. Nc3 g6
21. Rd3 Nxc3 22. bxc3 Nd5 23. Rf3 Bg5+ 24. Kc2 f5 25. a4 h4 26. c6 bxc6 27.
Bxa6+ Kd7 28. Bc4 Ra8 29. Bb3 Ra5 30. g3 hxg3 31. Rxg3 Bh4 32. Rg2 g5 33. Bg3
Bxg3 34. Rxg3 Ke7 35. h4 g4 36. f3 Kf6 37. Reg1 f4 38. Rxg4 Ne3+ 39. Kd3 Nxg4
40. fxg4 c5 41. g5+ Kf5 42. Ke2 cxd4 43. cxd4 Kg6 44. Kf3 Rd8 45. Ke4 c5 46.
dxc5 Rxc5 47. Bxe6 Re8 48. Kd4 Rc7 49. Bg4 Ree7 50. Rf1 Ra7 51. Ra1 Rh7 52. Ke4
Rxh4 53. Kxf4 Rf7+ 54. Kg3 Kxg5 55. Bf3 Rc4 56. Ra3 Kf5 57. a5 Rg7+ 58. Kf2 Kf4
59. Ra2 Rg3 60. Be2 Re4 61. a6 Rh3 62. a7 Rxe2+ 63. Rxe2 Ra3 1/2-1/2

[Event "XXXVII Olimpiadi femminile"]
[Site "Torino ITA"]
[Date "2006.05.22"]
[Round "2.3"]
[White "Blazkova, Petra"]
[Black "Estrada Gaspar, Nelly Massiel"]
[Result "1/2-1/2"]
[WhiteElo "2242"]
[BlackElo "2029"]
[Annotator "CZE-MEX"]
[PlyCount "37"]
[EventDate "2006.05.21"]

1. e4 e5 2. Nf3 Nf6 3. d4 Nxe4 4. Nxe5 d5 5. Bd3 Be7 6. O-O O-O 7. c4 Nc6 8.
cxd5 Qxd5 9. Nxc6 bxc6 10. Nc3 Nxc3 11. bxc3 Be6 12. Re1 Rfe8 13. Bf4 Bd6 14.
c4 Qa5 15. Bd2 Bb4 16. Re5 Qa3 17. Bxb4 Qxb4 18. Qc2 g6 19. Rb1 1/2-1/2

[Event "XXXVII Olimpiadi femminile"]
[Site "Torino ITA"]
[Date "2006.05.22"]
[Round "2.1"]
[White "Reizniece, Dana"]
[Black "Zapata, Karen"]
[Result "1-0"]
[WhiteElo "2287"]
[BlackElo "2236"]
[Annotator "LAT-PER"]
[PlyCount "101"]
[EventDate "2006.05.21"]

1. c4 e6 2. Nf3 Nf6 3. g3 b6 4. Bg2 Bb7 5. O-O Be7 6. d3 O-O 7. e4 d5 8. cxd5
exd5 9. e5 Nfd7 10. Nc3 d4 11. Nb5 Bxf3 12. Qxf3 c6 13. Qe2 Bc5 14. e6 fxe6 15.
Qxe6+ Kh8 16. Bf4 a6 17. Nd6 Qf6 18. Qxf6 Nxf6 19. Ne4 Nd5 20. Bd2 Bb4 21. Rac1
Ra7 22. a3 Bxd2 23. Nxd2 Ne7 24. Rfe1 Rc7 25. Nf3 Nf5 26. g4 Nh6 27. Nxd4 Rd7
28. Re4 c5 29. Ne6 Rg8 30. d4 cxd4 31. Nxd4 Nf7 32. Nf5 g6 33. Ne3 Rgd8 34. Re6
b5 35. Rc2 Kg7 36. h4 Rd2 37. Rxd2 Rxd2 38. Bd5 Nd8 39. Rb6 Rxd5 40. Nxd5 Nbc6
41. Rxa6 Ne5 42. Ra7+ Ndf7 43. Nc3 Nxg4 44. Nxb5 Kf6 45. a4 Nfe5 46. a5 Nf3+
47. Kf1 h5 48. a6 Nge5 49. Rc7 Nd2+ 50. Ke2 Ndc4 51. f4 1-0

[Event "XXXVII Olimpiadi femminile"]
[Site "Torino ITA"]
[Date "2006.05.22"]
[Round "2.2"]
[White "Morales Mendoza, Luciana"]
[Black "Rogule, Laura"]
[Result "0-1"]
[WhiteElo "2154"]
[BlackElo "2309"]
[Annotator "LAT-PER"]
[PlyCount "64"]
[EventDate "2006.05.21"]

1. d4 d5 2. c4 e6 3. Nf3 Nf6 4. e3 Nbd7 5. Bd3 a6 6. O-O dxc4 7. Bxc4 c5 8. Qe2
b5 9. Bb3 Bb7 10. Rd1 Qc7 11. Nc3 Bd6 12. d5 c4 13. dxe6 fxe6 14. Bc2 Nc5 15.
e4 Ng4 16. h3 Ne5 17. Nd4 Ned3 18. Bxd3 cxd3 19. Qg4 h5 20. Qg6+ Qf7 21. Qxf7+
Kxf7 22. f3 b4 23. Nb1 Rac8 24. Nb3 Be5 25. Na5 Bd4+ 26. Kf1 Bc6 27. Nd2 Bb5
28. Ke1 Na4 29. Rb1 Rc2 30. a3 bxa3 31. bxa3 Nc3 32. Rb4 Bf2+ 0-1

[Event "XXXVII Olimpiadi femminile"]
[Site "Torino ITA"]
[Date "2006.05.22"]
[Round "2.1"]
[White "Sammalvuo, Niina"]
[Black "Pina Vega, Sulennis"]
[Result "1/2-1/2"]
[WhiteElo "2249"]
[BlackElo "2334"]
[Annotator "FIN-CUB"]
[PlyCount "56"]
[EventDate "2006.05.21"]

1. e4 c5 2. Nf3 d6 3. d4 cxd4 4. Nxd4 Nf6 5. Nc3 Nc6 6. Be2 e5 7. Nf3 h6 8. O-O
Be6 9. Re1 Rc8 10. Bf1 Nb8 11. Nh4 Be7 12. Nf5 Bxf5 13. exf5 O-O 14. Nd5 Nxd5
15. Qxd5 Rxc2 16. Qxb7 Rc7 17. Qd5 Nc6 18. Bd2 Bf6 19. Ba6 Qb8 20. Rab1 Rd8 21.
a3 Nd4 22. Qe4 Qb6 23. Bf1 d5 24. Qg4 Kh7 25. Be3 Qb3 26. Bxd4 exd4 27. Qg3
Qxg3 28. hxg3 Rb8 1/2-1/2

[Event "XXXVII Olimpiadi femminile"]
[Site "Torino ITA"]
[Date "2006.05.22"]
[Round "2.1"]
[White "Fierro Baquero, Martha Lorena"]
[Black "Khoudgarian, Natalia"]
[Result "1-0"]
[WhiteElo "2294"]
[BlackElo "2123"]
[Annotator "ECU-CAN"]
[PlyCount "55"]
[EventDate "2006.05.21"]

1. e4 e6 2. d4 d5 3. Nd2 Nf6 4. e5 Nfd7 5. c3 c5 6. Bd3 Nc6 7. Ne2 cxd4 8. cxd4
f6 9. exf6 Nxf6 10. O-O Bd6 11. f4 O-O 12. Nf3 Qb6 13. Kh1 Kh8 14. Nc3 Bd7 15.
a3 Rae8 16. Ne5 a6 17. Be3 Na7 18. Rf3 Bb5 19. Nxb5 Nxb5 20. Rh3 h6 21. Ng6+
Kg8 22. Nxf8 Rxf8 23. f5 Nxd4 24. fxe6 Be5 25. Rh4 Kh8 26. e7 Re8 27. Bg6 Rxe7
28. Bxd4 1-0

[Event "XXXVII Olimpiadi femminile"]
[Site "Torino ITA"]
[Date "2006.05.22"]
[Round "2.2"]
[White "Khaziyeva, Dinara"]
[Black "Moncayo Romero, Evelyn"]
[Result "1-0"]
[WhiteElo "2103"]
[BlackElo "2261"]
[Annotator "ECU-CAN"]
[PlyCount "81"]
[EventDate "2006.05.21"]

1. Nf3 Nf6 2. g3 g6 3. Bg2 Bg7 4. c4 d6 5. d3 c6 6. Nc3 O-O 7. O-O Qa5 8. Qc2
Qh5 9. h4 Nbd7 10. Rb1 Ng4 11. Ne4 h6 12. b4 f5 13. Nc3 g5 14. hxg5 Nde5 15.
Re1 hxg5 16. Nxg5 Qh2+ 17. Kf1 Nxf2 18. Kxf2 Ng4+ 19. Kf1 Qxg3 20. Nh3 Nh2+ 21.
Kg1 Bd4+ 22. Kh1 Qxe1+ 23. Kxh2 Qxc3 24. Qd1 Be5+ 25. Kh1 Qd4 26. e4 fxe4 27.
Qh5 Qxd3 28. Rb3 Qd4 29. Bb2 Qxb2 30. Qg6+ Kh8 31. Rxb2 Bf5 32. Qh5+ Kg7 33.
Qg5+ Kh7 34. Re2 e6 35. Bxe4 Rg8 36. Bxf5+ exf5 37. Qxf5+ Rg6 38. Rg2 Rag8 39.
Rxg6 Rxg6 40. Ng5+ Kg7 41. Ne6+ 1-0

[Event "XXXVII Olimpiadi femminile"]
[Site "Torino ITA"]
[Date "2006.05.22"]
[Round "2.3"]
[White "Vasquez Ramirez, Rocio"]
[Black "Smith, Hazel"]
[Result "1-0"]
[WhiteElo "2252"]
[BlackElo "2035"]
[Annotator "ECU-CAN"]
[PlyCount "91"]
[EventDate "2006.05.21"]

1. e4 e6 2. d4 d5 3. exd5 exd5 4. c4 Bb4+ 5. Nc3 Ne7 6. Nf3 Nbc6 7. a3 Bxc3+ 8.
bxc3 O-O 9. Bd3 Bf5 10. O-O Bxd3 11. Qxd3 dxc4 12. Qxc4 Na5 13. Qd3 Qd5 14. Rb1
a6 15. Bf4 c5 16. Rfe1 Ng6 17. Bc7 Nc4 18. Qe4 Qxe4 19. Rxe4 b5 20. dxc5 Nxa3
21. Rd1 Nc4 22. Nd2 Rac8 23. Bd6 Nxd6 24. cxd6 Rxc3 25. Nf3 f5 26. Re6 Nf4 27.
Re7 Rd3 28. Rxd3 Nxd3 29. Nd4 Nc5 30. Rc7 Ne4 31. d7 Nf6 32. Ne6 Nxd7 33. Rxd7
Re8 34. Rd6 b4 35. Kf1 b3 36. Rb6 a5 37. Nc5 Rc8 38. Nxb3 a4 39. Nd4 Rc4 40.
Nxf5 Rc5 41. Ne3 Ra5 42. Rb2 Kf7 43. Ra2 Ke6 44. Nc4 Ra6 45. Nb2 a3 46. Nc4 1-0

[Event "XXXVII Olimpiadi femminile"]
[Site "Torino ITA"]
[Date "2006.05.22"]
[Round "2.1"]
[White "Munguntuul, Batkhuyag"]
[Black "Isgandarova, Khayala Ilqar Qizi"]
[Result "1-0"]
[WhiteElo "2378"]
[BlackElo "2104"]
[Annotator "MGL-AZE"]
[PlyCount "119"]
[EventDate "2006.05.21"]

1. d4 Nf6 2. Nc3 d5 3. Bf4 e6 4. e3 Bb4 5. Bd3 c5 6. dxc5 Bxc3+ 7. bxc3 Qa5 8.
Bd6 Qxc3+ 9. Kf1 Nbd7 10. Ne2 Qa5 11. Nd4 Nxc5 12. Nb5 Nxd3 13. Qxd3 Bd7 14.
Nc7+ Kd8 15. Nxa8 Ne8 16. Qa3 Ba4 17. Kg1 Qb5 18. h3 Qd7 19. Bc5 b5 20. Qc3 Qb7
21. e4 Qxa8 22. exd5 Qxd5 23. Kh2 Qc6 24. Qd4+ Qd7 25. Rhd1 Qxd4 26. Rxd4+ Kc7
27. Be7 Nf6 28. Bxf6 gxf6 29. Rad1 Kb6 30. Rd6+ Ka5 31. Rd7 Bxc2 32. Rxa7+ Kb6
33. Rdd7 Bg6 34. Ra3 Rc8 35. Rda7 Rb8 36. R7a6+ Kc5 37. Rf3 f5 38. Rb3 Rb7 39.
Ra8 f4 40. Rc8+ Kd6 41. a4 b4 42. Rc4 e5 43. Rbxb4 Ra7 44. Rb6+ Kd5 45. Rcb4
Bd3 46. Rb7 Ra5 47. Rxf7 Kc5 48. Rb8 Rxa4 49. Re8 Kd6 50. Rf6+ Kd5 51. Rd8+ Ke4
52. Re6 Kf5 53. Re7 Kf6 54. Rde8 Ra5 55. Re6+ Kf5 56. f3 Rd5 57. g4+ fxg3+ 58.
Kxg3 Rc5 59. h4 Bc2 60. Rh6 1-0

[Event "XXXVII Olimpiadi femminile"]
[Site "Torino ITA"]
[Date "2006.05.22"]
[Round "2.2"]
[White "Umudova, Nargiz"]
[Black "Yanjindulam, Dulamsuren"]
[Result "0-1"]
[WhiteElo "2176"]
[BlackElo "2162"]
[Annotator "MGL-AZE"]
[PlyCount "116"]
[EventDate "2006.05.21"]

1. e4 c5 2. Nf3 d6 3. d4 cxd4 4. Nxd4 Nf6 5. Nc3 a6 6. Be2 e5 7. Nb3 Be6 8. O-O
Be7 9. f4 exf4 10. Bxf4 Nbd7 11. Kh1 Nc5 12. Bf3 Nxb3 13. axb3 O-O 14. Rf2 Qb6
15. Rd2 Rfd8 16. Qe1 Qc5 17. Rad1 Rac8 18. Qg3 Nh5 19. Bxh5 Qxh5 20. Nd5 Bh4
21. Qe3 Rxc2 22. g3 Bxd5 23. exd5 Rxd2 24. Rxd2 Bf6 25. Bxd6 g6 26. Bf4 Qf5 27.
g4 Qxg4 28. d6 Rc8 29. h3 Qd7 30. Kh2 Re8 31. Qc5 Rc8 32. Qd5 b6 33. Bg3 Kg7
34. Rf2 Rc5 35. Qd3 Rh5 36. Qf1 Be5 37. Bxe5+ Rxe5 38. Qc4 Kg8 39. Qd4 Rh5 40.
Rf3 Rc5 41. Rf2 Rh5 42. Qd3 Rg5 43. Re2 Rh5 44. b4 h6 45. b3 Rg5 46. Qd4 Rh5
47. Qd3 Rg5 48. Qd4 Rh5 49. Re3 Kh7 50. Qf6 Rf5 51. Qd4 Qc6 52. Rc3 Qb5 53. Rd3
Qd7 54. Qxb6 Qe6 55. Re3 Qd5 56. Re2 Rf1 57. Qc5 Qh1+ 58. Kg3 Qf3+ 0-1

[Event "XXXVII Olimpiadi femminile"]
[Site "Torino ITA"]
[Date "2006.05.22"]
[Round "2.3"]
[White "Ankhchimeg, Bayanmunh"]
[Black "Aghasiyeva, Fidan Aydin Qizi"]
[Result "1/2-1/2"]
[WhiteElo "2252"]
[BlackElo "2088"]
[Annotator "MGL-AZE"]
[PlyCount "78"]
[EventDate "2006.05.21"]

1. e4 e6 2. d4 d5 3. Nd2 Nf6 4. e5 Nfd7 5. Bd3 c5 6. c3 Nc6 7. Ne2 cxd4 8. cxd4
f6 9. exf6 Nxf6 10. O-O Bd6 11. Nf3 Qc7 12. Bg5 O-O 13. Rc1 Bd7 14. Ng3 Bf4 15.
Bxf4 Qxf4 16. Bb1 Rae8 17. Qd3 g6 18. a3 e5 19. dxe5 Nxe5 20. Nxe5 Qxe5 21. Qd2
Bc6 22. Rfe1 Qc7 23. Qd4 a6 24. Ba2 Qf7 25. f3 Re7 26. Rxe7 Qxe7 27. Ne4 Kg7
28. Nc3 Re8 29. Rd1 Qe5 30. Qxe5 Rxe5 31. f4 Rf5 32. Rd4 g5 33. Ne2 Bb5 34. Bb1
Ne4 35. Bxe4 dxe4 36. Rxe4 Bxe2 37. Rxe2 Rxf4 38. g3 Rf7 39. Kg2 Kg6 1/2-1/2

[Event "XXXVII Olimpiadi femminile"]
[Site "Torino ITA"]
[Date "2006.05.22"]
[Round "2.3"]
[White "Gaponenko, Inna"]
[Black "Ikpa Glewis, Pauline Tresa"]
[Result "1-0"]
[WhiteElo "2430"]
[BlackElo "1969"]
[Annotator "UKR-NGR"]
[PlyCount "75"]
[EventDate "2006.05.21"]

1. e4 e5 2. Nf3 Nf6 3. Nxe5 d6 4. Nf3 Nxe4 5. d3 Nf6 6. d4 d5 7. c4 Bb4+ 8. Nc3
O-O 9. Bd3 dxc4 10. Bxc4 Nc6 11. O-O Bg4 12. Be3 Bxf3 13. Qxf3 h6 14. Rad1 a6
15. a3 Ba5 16. Nd5 Nxd5 17. Bxd5 Qd7 18. Bxc6 bxc6 19. Rc1 Qd5 20. Qg3 Bb6 21.
Bxh6 Qxd4 22. Rc4 Qxb2 23. Bxg7 Qxg7 24. Rg4 Qxg4 25. Qxg4+ Kh7 26. Qe4+ Kg7
27. Re1 Rad8 28. Qg4+ Kh7 29. Qh5+ Kg7 30. Re4 Rd6 31. Qe5+ Kh7 32. g3 Re6 33.
Qf5+ Kg7 34. Rh4 Rg6 35. Qe5+ f6 36. Qh5 Kf7 37. Rg4 Rfg8 38. Kg2 1-0

[Event "XXXVII Olimpiadi femminile"]
[Site "Torino ITA"]
[Date "2006.05.22"]
[Round "2.1"]
[White "Paehtz, Elisabeth"]
[Black "Petrenko, Svetlana"]
[Result "1-0"]
[WhiteElo "2438"]
[BlackElo "2334"]
[Annotator "GER-MDA"]
[PlyCount "63"]
[EventDate "2006.05.21"]

1. e4 c5 2. Nf3 e6 3. d4 cxd4 4. Nxd4 Nf6 5. Nc3 d6 6. g4 Nc6 7. g5 Nd7 8. Be3
a6 9. h4 Qc7 10. h5 Nxd4 11. Bxd4 h6 12. g6 f6 13. Bh3 Nb6 14. Qe2 Bd7 15. Rg1
Be7 16. O-O-O Nc4 17. b3 Na3 18. Kb2 Qa5 19. Nb1 Nxb1 20. Kxb1 Rc8 21. Bg4 O-O
22. Qd2 Qxd2 23. Rxd2 b5 24. Rgd1 Rc7 25. Bb6 Rc6 26. Ba5 Bc8 27. Bb4 Rd8 28.
e5 Bf8 29. exd6 Bd7 30. Bf3 Rcc8 31. Ba5 Re8 32. Bc7 1-0

[Event "XXXVII Olimpiadi femminile"]
[Site "Torino ITA"]
[Date "2006.05.22"]
[Round "2.2"]
[White "Smokina, Karolina"]
[Black "Kachiani-Gersinska, Ketino"]
[Result "1/2-1/2"]
[WhiteElo "2252"]
[BlackElo "2421"]
[Annotator "GER-MDA"]
[PlyCount "44"]
[EventDate "2006.05.21"]

1. c4 Nf6 2. Nc3 g6 3. e4 d6 4. g3 Bg7 5. Bg2 O-O 6. Nge2 c6 7. O-O a6 8. a4 a5
9. d4 Na6 10. h3 Nb4 11. Be3 d5 12. e5 Ne8 13. cxd5 cxd5 14. Nb5 Bd7 15. Nec3
Bc6 16. Qd2 Nc7 17. Rfc1 Ne6 18. f4 f6 19. Na2 Nxa2 20. Rxa2 Qd7 21. Qd3 fxe5
22. fxe5 Rfc8 1/2-1/2

[Event "XXXVII Olimpiadi femminile"]
[Site "Torino ITA"]
[Date "2006.05.22"]
[Round "2.1"]
[White "Klinova, Masha"]
[Black "Tilenbaeva, Janyl"]
[Result "1-0"]
[WhiteElo "2357"]
[BlackElo "2051"]
[Annotator "ISR-KGZ"]
[PlyCount "115"]
[EventDate "2006.05.21"]

1. e4 c6 2. d4 d5 3. Nc3 dxe4 4. Nxe4 Bf5 5. Ng3 Bg6 6. h4 h6 7. Nf3 Nd7 8. h5
Bh7 9. Bd3 Bxd3 10. Qxd3 Qc7 11. Bd2 e6 12. O-O-O Ngf6 13. Ne4 O-O-O 14. g3
Nxe4 15. Qxe4 Nf6 16. Qe2 Bd6 17. Kb1 Rhe8 18. c4 c5 19. dxc5 Qxc5 20. Be3 Qf5+
21. Ka1 Bb8 22. Nd4 Qg4 23. Qc2 Qe4 24. Qc3 Ng4 25. Rhe1 e5 26. Nc2 Rxd1+ 27.
Rxd1 Nxe3 28. Nxe3 Qf3 29. Qd3 Qc6 30. Qf5+ Qe6 31. Qe4 g6 32. hxg6 fxg6 33. a3
h5 34. c5 Bc7 35. Kb1 Rf8 36. Rd2 Rd8 37. Rxd8+ Bxd8 38. Kc2 Be7 39. b4 Qa2+
40. Kd1 Qxf2 41. Qxe5 Qf6 42. Qe4 Bd8 43. Ke2 g5 44. Nc4 Qe7 45. Nd6+ Kb8 46.
Ke3 b6 47. Qxe7 Bxe7 48. Nf5 Bf8 49. cxb6 axb6 50. Ke4 Kb7 51. Kd5 h4 52. gxh4
gxh4 53. Nxh4 Bh6 54. Nf5 Bc1 55. a4 Ba3 56. Nd6+ Ka6 57. b5+ Ka7 58. Kc6 1-0

[Event "XXXVII Olimpiadi femminile"]
[Site "Torino ITA"]
[Date "2006.05.22"]
[Round "2.2"]
[White "Sabirova, Sofia"]
[Black "Borsuk, Angela"]
[Result "0-1"]
[WhiteElo "2143"]
[BlackElo "2341"]
[Annotator "ISR-KGZ"]
[PlyCount "109"]
[EventDate "2006.05.21"]

1. d4 d6 2. c4 e5 3. dxe5 dxe5 4. Qxd8+ Kxd8 5. Nc3 c6 6. Bd2 Be6 7. b3 Nd7 8.
g3 a5 9. Bg2 f6 10. Nf3 Ba3 11. O-O Ne7 12. Ne1 Nf5 13. Nc2 Be7 14. Rfd1 Kc7
15. e4 Nd6 16. Be3 b6 17. Rac1 Nb7 18. Ne1 Bc5 19. Bxc5 Ndxc5 20. Nc2 Rhd8 21.
Ne3 Rd4 22. Nf5 Bxf5 23. exf5 Rad8 24. Rxd4 Rxd4 25. h3 Nd6 26. g4 Rd2 27. Kf1
Nd3 28. Rd1 Rxd1+ 29. Nxd1 a4 30. Ke2 axb3 31. axb3 Nc1+ 32. Kd2 Nxb3+ 33. Kc3
Nd4 34. Ne3 Ne2+ 35. Kc2 Nf4 36. Bf1 Ne4 37. Nd1 Kd6 38. h4 Kc5 39. f3 Nd6 40.
Ne3 h6 41. Kc3 b5 42. Kb3 e4 43. fxe4 Nxe4 44. cxb5 cxb5 45. Kc2 Ng3 46. Bd3
Kd4 47. Nf1 Nxf1 48. Bxf1 b4 49. Kb3 Nd5 50. Be2 Ke4 51. Kc4 Ne3+ 52. Kxb4 Ke5
53. Kc5 Kf4 54. Bd3 Ke5 55. Kc6 0-1

[Event "XXXVII Olimpiadi femminile"]
[Site "Torino ITA"]
[Date "2006.05.22"]
[Round "2.3"]
[White "Botvinnik, Irina"]
[Black "Samaganova, Alexandra"]
[Result "1-0"]
[WhiteElo "2211"]
[BlackElo "2087"]
[Annotator "ISR-KGZ"]
[PlyCount "159"]
[EventDate "2006.05.21"]

1. c4 c5 2. Nc3 Nc6 3. g3 g6 4. Bg2 Bg7 5. a3 e5 6. Rb1 a5 7. e3 Nge7 8. Nge2
O-O 9. O-O Rb8 10. d3 d6 11. Bd2 Be6 12. Qb3 f5 13. Nd5 Bf7 14. Nec3 h6 15. Qc2
g5 16. b4 axb4 17. axb4 cxb4 18. Nb5 Rc8 19. Qb3 e4 20. dxe4 Na5 21. Qxb4 Nxc4
22. Nxe7+ Qxe7 23. exf5 Rc5 24. Nd4 b6 25. Rfd1 Rfc8 26. Be1 Qe5 27. Bf1 b5 28.
Bh3 Bf6 29. Ne6 Bxe6 30. fxe6 Be7 31. Bc3 Qe4 32. Bd4 R5c7 33. Qxb5 Na3 34. Qb2
Nxb1 35. Rxb1 Qxb1+ 36. Qxb1 Rc1+ 37. Qxc1 Rxc1+ 38. Kg2 Rc4 39. Bf5 Ra4 40.
Kf3 Ra2 41. Bb1 Rd2 42. Bc3 Rd1 43. Bf5 d5 44. Bd4 Rd2 45. Bb1 Kf8 46. Bc3 Rd1
47. Ba2 h5 48. Bd4 Rd2 49. Bxd5 Rd1 50. Ke2 Rc1 51. Be4 Rc7 52. f4 gxf4 53.
gxf4 Bh4 54. Kd3 Ke7 55. f5 Bf6 56. Bb6 Rc3+ 57. Ke2 Be5 58. h3 Rc4 59. Bf3 h4
60. Kd3 Rc8 61. Ke4 Bf6 62. Kd5 Rc2 63. Bc5+ Ke8 64. e4 Rd2+ 65. Kc6 Rc2 66.
Kd5 Rd2+ 67. Kc4 Rc2+ 68. Kb5 Rb2+ 69. Ka4 Rb1 70. Bh5+ Kd8 71. e5 Be7 72. Bd6
Rf1 73. Bg4 Rf4+ 74. Kb5 Rxg4 75. hxg4 h3 76. f6 h2 77. Bxe7+ Ke8 78. Bd6 h1=Q
79. f7+ Kd8 80. f8=Q# 1-0

[Event "XXXVII Olimpiadi femminile"]
[Site "Torino ITA"]
[Date "2006.05.22"]
[Round "2.1"]
[White "Hagarova, Zuzana"]
[Black "Lujan, Carolina Maria"]
[Result "0-1"]
[WhiteElo "2377"]
[BlackElo "2378"]
[Annotator "SVK-ARG"]
[PlyCount "64"]
[EventDate "2006.05.21"]

1. e4 c5 2. Nf3 e6 3. d4 cxd4 4. Nxd4 Nf6 5. Nc3 Nc6 6. Be3 Bb4 7. Bd3 d5 8.
O-O Bxc3 9. bxc3 dxe4 10. Bb5 Bd7 11. Nxc6 Bxc6 12. Bxc6+ bxc6 13. Qe2 O-O 14.
Bc5 Re8 15. Rfd1 Qa5 16. Qc4 Rad8 17. h3 Rd5 18. Be3 Rc8 19. Rdb1 Qc7 20. Rb3
h6 21. Qe2 Rcd8 22. Ra3 Ra5 23. Rb3 Nd5 24. Bd2 Nb6 25. Be3 Rad5 26. g3 Nd7 27.
Kg2 c5 28. Rab1 Ne5 29. Rb7 Qc6 30. Rxa7 Rd2 31. Ra6 Rxe2 32. Rxc6 Nxc6 0-1

[Event "XXXVII Olimpiadi femminile"]
[Site "Torino ITA"]
[Date "2006.05.22"]
[Round "2.2"]
[White "Zuriel, Marisa"]
[Black "Pokorna, Regina"]
[Result "0-1"]
[WhiteElo "2214"]
[BlackElo "2338"]
[Annotator "SVK-ARG"]
[PlyCount "52"]
[EventDate "2006.05.21"]

1. e4 e5 2. Nf3 Nc6 3. d4 exd4 4. Nxd4 Nf6 5. Nxc6 bxc6 6. e5 Qe7 7. Qe2 Nd5 8.
c4 Ba6 9. b3 O-O-O 10. Bb2 f6 11. exf6 Nxf6 12. Qxe7 Bxe7 13. Nc3 Bc5 14. Be2
Rhe8 15. O-O d5 16. Bf3 dxc4 17. Bxc6 Re6 18. Bb5 Bxb5 19. Nxb5 a6 20. Nc3 Rd2
21. Na4 Ba7 22. Ba3 Ne4 23. h3 Bxf2+ 24. Kh2 Rg6 25. Rfd1 Bg3+ 26. Kg1 Bh2+ 0-1

[Event "XXXVII Olimpiadi femminile"]
[Site "Torino ITA"]
[Date "2006.05.22"]
[Round "2.3"]
[White "Borosova, Zuzana"]
[Black "Burijovich, Liliana"]
[Result "1/2-1/2"]
[WhiteElo "2210"]
[BlackElo "2204"]
[Annotator "SVK-ARG"]
[PlyCount "82"]
[EventDate "2006.05.21"]

1. e4 c5 2. Nf3 Nc6 3. d4 cxd4 4. Nxd4 Qb6 5. Nb3 Nf6 6. Nc3 e6 7. Be3 Qc7 8.
Qd2 Bb4 9. f3 d5 10. Bc5 Bxc5 11. Nxc5 O-O 12. exd5 Rd8 13. d6 Qxd6 14. Qxd6
Rxd6 15. Bd3 Nb4 16. O-O-O Nxd3+ 17. Nxd3 Bd7 18. Ne5 Rxd1+ 19. Rxd1 Be8 20. b3
Kf8 21. Kb2 Ke7 22. a4 Rc8 23. Rd2 Nd7 24. Nxd7 Bxd7 25. Nb5 a6 26. Nd6 Rc7 27.
a5 f6 28. Nc4 e5 29. Nb6 Be6 30. Nd5+ Bxd5 31. Rxd5 Rd7 32. Rxd7+ Kxd7 33. c4
f5 34. Kc3 Kd6 35. b4 Kc6 36. g4 g6 37. h4 h5 38. g5 Kd6 39. Kd3 Kc6 40. Kc3
Kd6 41. Kd3 Kc6 1/2-1/2

[Event "XXXVII Olimpiadi femminile"]
[Site "Torino ITA"]
[Date "2006.05.22"]
[Round "2.1"]
[White "Sanchez Castillo, Sarai"]
[Black "Calzetta Ruiz, Monica"]
[Result "0-1"]
[WhiteElo "2176"]
[BlackElo "2317"]
[Annotator "VEN-ESP"]
[PlyCount "92"]
[EventDate "2006.05.21"]

1. e4 c5 2. Nf3 Nf6 3. Nc3 d5 4. Bb5+ Bd7 5. e5 Ne4 6. e6 fxe6 7. Bxd7+ Nxd7 8.
Nxe4 dxe4 9. Ng5 Nf6 10. Nxe6 Qd6 11. Ng5 h6 12. Nh3 g5 13. Qe2 O-O-O 14. b3 g4
15. Ng1 h5 16. Bb2 Bh6 17. O-O-O Rd7 18. Kb1 Rhd8 19. d3 Qc6 20. Qf1 exd3 21.
cxd3 Nd5 22. Ne2 Nb4 23. Nc1 Bxc1 24. Bxc1 Nxd3 25. f3 Qg6 26. Ka1 c4 27. bxc4
Qf6+ 28. Kb1 Qb6+ 29. Ka1 Qd4+ 30. Kb1 Qxc4 31. Qe2 Rd6 32. Rxd3 Qxd3+ 33. Qxd3
Rxd3 34. fxg4 hxg4 35. Re1 R8d7 36. Kc2 R3d6 37. Bf4 Rc6+ 38. Kb2 Rd4 39. Bg5
e6 40. a3 Rd5 41. Bf4 Rb5+ 42. Ka1 Rb3 43. Re3 Rxe3 44. Bxe3 Rc3 45. Bd4 Rxa3+
46. Kb2 Ra5 0-1

[Event "XXXVII Olimpiadi femminile"]
[Site "Torino ITA"]
[Date "2006.05.22"]
[Round "2.3"]
[White "Hernandez, Zaida"]
[Black "Hernandez Estevez, Yudania"]
[Result "0-1"]
[WhiteElo "2046"]
[BlackElo "2262"]
[Annotator "VEN-ESP"]
[PlyCount "74"]
[EventDate "2006.05.21"]

1. e4 d6 2. d4 Nf6 3. Nc3 g6 4. Nf3 Bg7 5. Bc4 Nc6 6. O-O Bg4 7. Be3 O-O 8. h3
Bxf3 9. Qxf3 e5 10. d5 Ne7 11. Bg5 Nd7 12. Qe3 f6 13. Bh4 a6 14. Ne2 Qe8 15. a4
Kh8 16. Bg3 f5 17. f4 fxe4 18. fxe5 Nf5 19. Rxf5 Rxf5 20. exd6 Ne5 21. Bxe5
Qxe5 22. c3 Qxd6 23. Nd4 Bxd4 24. Qxd4+ Qe5 25. Qe3 Raf8 26. Re1 Re8 27. Bb3
Qf4 28. Qd4+ Rf6 29. Re3 Qe5 30. Rxe4 Qxd4+ 31. Rxd4 Re2 32. Rb4 Rff2 33. Rxb7
Rxg2+ 34. Kf1 Ref2+ 35. Ke1 Rxb2 36. Kf1 Rgd2 37. Ke1 Rh2 0-1

[Event "XXXVII Olimpiadi femminile"]
[Site "Torino ITA"]
[Date "2006.05.22"]
[Round "2.3"]
[White "Gichuru Wanjiru, Evelyne"]
[Black "Kudrina, Alia"]
[Result "0-1"]
[WhiteElo "1606"]
[BlackElo "2042"]
[Annotator "KEN-IPCA"]
[PlyCount "125"]
[EventDate "2006.05.21"]

1. e4 e5 2. Nf3 Nf6 3. Nc3 Nc6 4. d4 exd4 5. Nxd4 Bb4 6. Nxc6 Bxc3+ 7. bxc3
bxc6 8. e5 Qe7 9. Qd4 c5 10. Qf4 O-O 11. Bd3 Re8 12. O-O Nd5 13. Qe4 Qxe5 14.
Qxh7+ Kf8 15. Qh8+ Ke7 16. Qh4+ f6 17. Ba3 Kd8 18. Bxc5 g5 19. Qh7 Nf4 20. Bd4
Qe7 21. Qxe7+ Kxe7 22. Rfe1+ Ne6 23. Rab1 Kf7 24. Re3 c5 25. Bxf6 Kxf6 26. Be4
Ba6 27. Bxa8 Rxa8 28. Rf3+ Ke7 29. Rf5 Rf8 30. Rxf8 Nxf8 31. Rb8 Bc4 32. Rb7 a6
33. Rb2 Ne6 34. a3 Nf4 35. h3 Ne2+ 36. Kh2 Nxc3 37. g3 Nb5 38. a4 Nc3 39. a5
Nb5 40. f4 gxf4 41. gxf4 Nd4 42. Kg3 Nc6 43. Kg4 Nxa5 44. h4 Nc6 45. Kg5 Nd4
46. c3 Ne6+ 47. Kg4 Kf6 48. h5 a5 49. h6 Kg6 50. Rh2 Kh7 51. f5 Nd8 52. Kg5 a4
53. Rd2 Bb5 54. c4 Bc6 55. Rh2 Nf7+ 56. Kh5 Bf3+ 57. Kh4 Be4 58. f6 Bd3 59. Kh5
Bxc4 60. Rg2 a3 61. Rg7+ Kh8 62. Rxf7 Bxf7+ 63. Kg5 0-1

[Event "XXXVII Olimpiadi femminile"]
[Site "Torino ITA"]
[Date "2006.05.22"]
[Round "2.1"]
[White "Koskoska, Gabriela"]
[Black "Chelushkina, Irina"]
[Result "0-1"]
[WhiteElo "2220"]
[BlackElo "2320"]
[Annotator "MKD-SCG"]
[PlyCount "66"]
[EventDate "2006.05.21"]

1. e4 c5 2. Nf3 Nc6 3. Bb5 g6 4. Bxc6 dxc6 5. d3 Bg7 6. O-O b6 7. h3 a5 8. a4
e5 9. Be3 Ne7 10. Na3 h6 11. Nc4 Qc7 12. Qd2 g5 13. c3 Be6 14. b4 Rd8 15. Qc2
f5 16. bxc5 bxc5 17. exf5 Bxf5 18. Rad1 Rd5 19. Qe2 O-O 20. d4 cxd4 21. cxd4 e4
22. Nh2 Ng6 23. g4 Bc8 24. Nd2 Qe7 25. Nb3 Nf4 26. Bxf4 gxf4 27. Nf3 h5 28.
Nfd2 hxg4 29. hxg4 Qh4 30. Qxe4 Qxg4+ 31. Qg2 Rg5 32. Qxg4 Rxg4+ 33. Kh2 Rf6
0-1